Horský hotel

Saved in:
Bibliographic Details
Main Author: Kráner, Andrej (Author)
Other Authors: Bielek, Boris (Thesis advisor)
Format: Manuscript Book
Language:Slovak
Published: 2021
Subjects:
Online Access:http://is.stuba.sk/zp/portal_zp.pl?podrobnosti=158551
https://opac.crzp.sk/?fn=detailBiblioForm&sid=7E417B54B864B7C45226FB4635AB
Tags: Add Tag
No Tags, Be the first to tag this record!

MARC

LEADER 00000ntm a22000003a 4500
001 stuzp84511
003 SK-STU
005 20230515091934.2
007 ta
008 150427s2015----xo-----f-mn---000-0-slo-d
040 |a STU  |b slo 
041 0 |a slo 
100 1 |a Kráner, Andrej  |u 010180  |4 aut  |U SvF Stavebná fakulta  |T SvF Katedra konštrukcií pozemných stavieb  |X 9635  |U V180  |Y 18  |7 9635 
242 0 1 |a Mountain hotel  |y eng 
245 1 0 |a Horský hotel 
260 |c 2021 
650 4 |a Donovaly  |2 slo 
650 4 |a Konštrukčný systém  |2 slo 
650 4 |a Horský hotel  |2 slo 
650 4 |a The mountain hotel  |2 eng 
650 4 |a Donovaly  |2 eng 
650 4 |a The construction system  |2 eng 
700 1 |a Bielek, Boris  |u 010180  |k Z1  |4 ths  |U SvF Stavebná fakulta  |T SvF Katedra konštrukcií pozemných stavieb  |X 4303  |U V180  |Y 18  |7 A000004303 
856 4 |u http://is.stuba.sk/zp/portal_zp.pl?podrobnosti=158551 
856 4 |u https://opac.crzp.sk/?fn=detailBiblioForm&sid=7E417B54B864B7C45226FB4635AB